Ciclismo (nivel fácil) - Estadísticas

Estadísticas generales
  • Esta prueba ha sido intentada 231 veces
  • La puntuación promedio es 10 de 16
Estadísticas de respuestas
Imagen Respuesta % Correcto
nairo quintana
96%
tadej pogacar
95%
enric mas
92%
sepp kuss
83%
pinot
77%
bardet
76%
filippo ganna
76%
caleb ewan
70%
mohoric
68%
vlasov
49%
ciccone
46%
louis meintjes
42%
martin
41%
asgreen
40%
bob jungels
28%
fuglsang
20%
No se encontraron pruebas coincidentes
Distribución de puntuación
Porcentaje de gente con cada puntuación
Porcentaje por número respondido
Historial de tus puntuaciones
No has intentado esta prueba.